César du meilleur espoir féminin - Statistiques

Statistiques générales
  • Ce quiz a été pris 377 fois
  • Le résultat moyen est 20 sur 34
Statistiques - réponses
Année Actrice Film % Correct
1983 Sophie Marceau La Boum 2
97%
2003 Cécile de France L'Auberge espagnole
89%
1986 Charlotte Gainsbourg L'Effrontée
86%
2000 Audrey Tautou Vénus Beauté (Institut)
85%
2011 Leila Bekhti Tout ce qui brille
82%
2007 Mélanie Laurent Je vais bien, ne t'en fais pas
81%
1984 Sandrine Bonnaire A nos amours
78%
2005 Sara Forestier L'Esquive
76%
1995 Elodie Bouchez Les Roseaux sauvages
75%
1990 Vanessa Paradis Noce blanche
75%
2014 Adèle Exarchopoulos La vie d'Adèle
73%
2015 Louane Emera La Famille Bélier
71%
1989 Catherine Jacob La vie est un long fleuve tranquille
66%
1993 Romane Bohringer Les Nuits fauves
65%
1996 Sandrine Kiberlain En avoir (ou pas)
64%
2001 Sylvie Testud Les Blessures assassines
62%
2004 Julie Depardieu La Petite Lili
60%
2010 Mélanie Thierry Le Dernier pour la route
55%
1999 Natacha Régnier La Vie rêvée des anges
52%
2013 Izïa Higelin Mauvaise fille
47%
1991 Judith Henry La Discrète
47%
2009 Déborah François Le Premier jour du reste de ta vie
45%
1998 Emma de Caunes Un Frère
41%
2008 Hafsia Herzi La Graine et le Mulet
41%
1997 Laurence Côte Les Voleurs
40%
1987 Catherine Mouchet Thérèse
39%
2002 Rachida Brakni Chaos
39%
2012 Clotilde Hesme Angèle et Tony
38%
2006 Linh Dan Pham De battre mon coeur s'est arrêté
38%
1988 Mathilda May Le Cri du hibou
35%
1985 Laure Marsac La Pirate
33%
1992 Géraldine Pailhas La Neige et le Feu
31%
1994 Valeria Bruni-Tedeschi Les gens normaux n'ont rien d'extraordinaire
31%
2012 Naidra Ayadi Polisse
21%
Aucun quiz correspondant
Distribution des résultats
% des personnes avec chaque résultat
Percentile par nombre de réponses
Votre historique - résultats
Vous n’avez pas pris ce quiz